UM Logo
Normal view MARC view
  • Fritzsch, R. B.

Entry Personal Name

Number of records used in: 1

001 - CONTROL NUMBER

  • control field: 42819

003 - CONTROL NUMBER IDENTIFIER

  • control field: OSt

005 - DATE AND TIME OF LATEST TRANSACTION

  • control field: 20210125145021.0

008 - FIXED-LENGTH DATA ELEMENTS

  • fixed length control field: 210125|| aca||aabn | a|a d

040 ## - CATALOGING SOURCE

  • Original cataloging agency: OSt
  • Transcribing agency: OSt

100 ## - HEADING--PERSONAL NAME

  • Personal name: Fritzsch, R. B.
  • Relator term: Author.

670 ## - SOURCE DATA FOUND

  • Source citation: Work cat.: (OSt): VanZante, Neal R. 42817, Senior citizens and the 'Marriage Tax' on social security benefits/, ©2012.